Statistics for National Parks by Shape

Click here to take the quiz!

General Stats

  • This quiz has been taken 63 times
    (31 since last reset)
  • The average score is 42 of 63

Answer Stats

Answer% Correct
Big Bend
96%
Arches
87%
Glacier
87%
Isle Royale
83%
Yellowstone
83%
American Samoa
78%
Badlands
78%
Redwood
78%
Rocky Mountain
78%
Wind Cave
78%
Yosemite
78%
Bryce Canyon
74%
Capitol Reef
74%
Congaree
74%
Denali
74%
Great Basin
74%
Kings Canyon
74%
Sequoia
74%
Black Canyon of the Gunnison
70%
Death Valley
70%
Great Smoky Mountains
70%
Indiana Dunes
70%
Mammoth Cave
70%
Mesa Verde
70%
New River Gorge
70%
Olympic
70%
Pinnacles
70%
Shenandoah
70%
Theodore Roosevelt
70%
White Sands
70%
Zion
70%
Acadia
65%
Biscayne
65%
Canyonlands
65%
Carlsbad Caverns
65%
Everglades
65%
Hot Springs
65%
Katmai
65%
Petrified Forest
65%
Channel Islands
61%
Crater Lake
61%
Grand Canyon
61%
Hawaii Volcanoes
61%
Joshua Tree
61%
North Cascades
61%
Saguaro
61%
Virgin Islands
61%
Cuyahoga Valley
57%
Dry Tortugas
57%
Gateway Arch
57%
Grand Teton
57%
Guadalupe Mountains
57%
Haleakala
57%
Mount Rainier
57%
Gates of the Arctic
52%
Glacier bay
52%
Great Sand Dunes
52%
Kenai Fjords
52%
Voyageurs
52%
Wrangell-St. Elias
52%
Kobuk Valley
48%
Lake Clark
48%
Lassen Volcanic
43%

Score Distribution

Percentile by Number Answered

Percent of People with Each Score

Your Score History

You have not taken this quiz since the last reset